|
|
|
|
| LEADER |
00000cam a2200000 4500 |
| 001 |
vtls011744409 |
| 003 |
SK-MaSNL |
| 005 |
20260301182902.0 |
| 008 |
210624s2018 xo e 000 f slo |
| 015 |
|
|
|a SNBA2018/06
|
| 020 |
|
|
|a 9788089808779
|q (viazané)
|
| 035 |
|
|
|a urn:nbn:sk:snk-am00dk0r
|
| 035 |
|
|
|a urn:nbn:sk:snk-am3i4qj
|
| 035 |
|
|
|a 7784F90D-F91F-4708-9606-ACC2A9FB24F5
|
| 040 |
|
|
|a SNK
|b slo
|e rda
|c SNK
|
| 041 |
|
|
|a slo
|
| 044 |
|
|
|a xo
|c SK
|
| 072 |
|
7 |
|a 821.162.4-3
|x Slovenská próza
|2 konspekt
|
| 080 |
|
|
|a 821.162.4-31
|2 2011
|
| 100 |
1 |
|
|a Repová, Hana,
|d 1980-
|4 aut
|9 163833
|
| 245 |
1 |
0 |
|a Boh plače potichu
|n II. diel románu na pokračovanie
|c Hana Repová
|
| 264 |
|
1 |
|a [Košice]
|b MERIDIANO-press, s.r.o.
|c 2018
|
| 300 |
|
|
|a 287 strán
|c 20 cm
|
| 336 |
|
|
|a text
|b txt
|2 rdacontent
|
| 337 |
|
|
|a bez média
|b n
|2 rdamedia
|
| 338 |
|
|
|a zväzok
|b nc
|2 rdacarrier
|
| 490 |
1 |
|
|a Moderné romány
|
| 655 |
|
7 |
|a slovenské romány
|2 SNKPH
|9 70324
|
| 655 |
|
7 |
|a Slovak fiction
|2 SNKPHeng
|9 277096
|
| 700 |
1 |
2 |
|i Pokračovanie:
|a Repová, Hana,
|d 1980-
|t Pravda o nás dvoch
|9 429505
|
| 787 |
0 |
8 |
|i Z dilógie:
|t Boh plače potichu
|g 2
|
| 830 |
|
0 |
|a Moderné romány
|9 302729
|
| 852 |
|
|
|a Štátna vedecká knižnica v Banskej Bystrici
|
| 852 |
|
|
|a Slovenská národná knižnica
|
| 919 |
|
|
|a 978-80-89808-77-9
|
| 954 |
|
|
|a beletria pôvodná (slovenská)
|2 lita
|
| 958 |
|
|
|a LX
|
| 999 |
|
|
|c 855138
|d 857068
|
| 952 |
|
|
|a SNK
|b SNK
|y PREZ
|7 0
|p 17A1324490
|o snkSD 87288
|i snk2018/11097
|8 0
|0 0
|1 0
|4 0
|d 2018-05-22
|f 1
|l 0
|r 2026-02-24 04:54:15
|w 2026-02-24
|
| 952 |
|
|
|a SNK
|b SNK
|y PREZ
|7 0
|p 17A1324491
|o snkSD 87288 D1
|i snk2018/11098
|8 0
|0 0
|1 0
|4 0
|d 2018-05-22
|l 0
|r 2026-02-24 04:54:15
|w 2026-02-24
|